| 000 | 00567cam a2200145 4500500 | ||
|---|---|---|---|
| 005 | 20260208002335.0 | ||
| 041 | _afre | ||
| 042 | _adc | ||
| 100 | 1 | 0 |
_aLézé, Samuel _eauthor |
| 245 | 0 | 0 | _aJoe Ben Wheat. Ed. by Ann Lane Hedlund, Blanket Weaving in the Southwest, Tucson, The University of Arizona Press, 2003, xxvi + 442 p., ill., fig., tabl., cartes |
| 260 | _c2005. | ||
| 500 | _a43 | ||
| 786 | 0 | _nL'Homme | 173 | 1 | 2005-01-01 | p. 199i-283i | 0439-4216 | |
| 856 | 4 | 1 | _uhttps://shs.cairn.info/revue-l-homme-2005-1-page-199i?lang=fr&redirect-ssocas=7080 |
| 999 |
_c1645921 _d1645921 |
||